Expert C programming / (Record no. 14085)
[ view plain ]
| 000 -LEADER | |
|---|---|
| fixed length control field | 00783nam a2200253 a 4500 |
| 001 - CONTROL NUMBER | |
| JCCL Control Number | 14085 |
| 003 - CONTROL NUMBER IDENTIFIER | |
| JCCL marc code | BD-JhCC |
| 005 - DATE AND TIME OF LATEST TRANSACTION | |
| control field | 20240919132313.0 |
| 008 - FIXED-LENGTH DATA ELEMENTS--GENERAL INFORMATION | |
| fixed length control field | 240919b2000 us a|||| ||a| 001 0 eng d |
| 020 ## - INTERNATIONAL STANDARD BOOK NUMBER | |
| International Standard Book Number | 0395977274 |
| 035 ## - SYSTEM CONTROL NUMBER | |
| system control number | (BD-JhCC)14085 |
| 040 ## - CATALOGING SOURCE | |
| Original cataloging agency | BD-JhCC |
| Modifying agency | BD-JhCC |
| 041 ## - LANGUAGE CODE | |
| Language code of Book | english |
| 082 ## - DEWEY DECIMAL CLASSIFICATION NUMBER | |
| Classification number | 516.00712 |
| Author mark and Year | JUR 2000 |
| 100 ## - MAIN ENTRY--PERSONAL NAME | |
| Personal name | Linden,Peter Van der |
| 245 ## - TITLE STATEMENT | |
| Title | Expert C programming / |
| Statement of responsibility, etc | Ray C. Jurgensen, Richard G. Brown, John W. Jurgensen. |
| 260 ## - PUBLICATION, DISTRIBUTION, ETC. (IMPRINT) | |
| Place of publication, distribution, etc | America: |
| Name of publisher, distributor, etc | McDougal Littell; |
| Date of publication, distribution, etc | 2000. |
| 300 ## - PHYSICAL DESCRIPTION | |
| Pagination | 780 p. : |
| Other physical details | illustrations ; |
| Dimensions | 25 cm. |
| 650 ## - SUBJECT ADDED ENTRY--TOPICAL TERM | |
| Topical term or geographic name as entry element | Geometry Study and teaching (Secondary) |
| Geographic subdivision | Géométrie Étude et enseignement (Secondaire) |
| 700 ## - ADDED ENTRY--PERSONAL NAME | |
| Personal name | Brown, Richard G. |
| 700 ## - ADDED ENTRY--PERSONAL NAME | |
| Personal name | Jurgensen,John W. |
| 942 ## - ADDED ENTRY ELEMENTS (KOHA) | |
| Source of classification or shelving scheme | Dewey Decimal Classification |
| Koha item type | Books |
| Source of classification or shelving scheme | Damaged status | Not for loan | Home library | Current library | Shelving location | Date of accession | Source of acquisition | Cost, normal purchase price | Total Checkouts | Full call number | Barcode | Date last seen | Date checked out | Copy number | Method of acquisition | Koha item type | Currency |
|---|---|---|---|---|---|---|---|---|---|---|---|---|---|---|---|---|---|
| Dewey Decimal Classification | JCC Rouf Library | JCC Rouf Library | General Stacks | 09/19/2024 | With the Compliments Of Shahriar Imtiaz Rahman 27/1483/K | 12983.00 | 1 | 516.00712 JUR 2000 | 19703 | 10/29/2024 | 10/29/2024 | C-1 | Gift/Donation | Books | BDT |